Statistiken für Brauereien in Baden-Württemberg

Klicken Sie hier um das Quiz zu spielen!

Allgemein

  • Dieses Quiz wurde 61 mal gespielt
  • Das Durchschnittsergebnis liegt bei 7 aus 138

Antwortstatistiken

AntwortOrt% Korrekt
RothausGrafenhausen Rothaus
64%
Stuttgarter HofbräuStuttgart
64%
Gold OchsenUlm
39%
DinkelackerStuttgart
38%
BergEhingen Berg
32%
Alpirsbacher KlosterbräuAlpirsbach
30%
HirschWaldkirch
25%
FürstenbergDonaueschingen
23%
GanterFreiburg
23%
WaldhausWeilheim (Waldhaus)
23%
KaiserGeislingen
20%
HochdorferNagold-Hochdorf
14%
SchussenriederBad Schussenried
14%
BaisingerRottenburg a.n. Baisingen
13%
DistelhäuserDistelhausen
13%
NattheimerNattheim
13%
Zwiefalter KlosterbräuZwiefalten
13%
AdlerErbach-Dellmensingen
11%
BarfüßerUlm
11%
Haller LöwenbräuSchwäbisch Hall
11%
KettererHornberg
9%
KroneTettnang
9%
RotochsenEllwangen
9%
SchimpfNeustetten
9%
SchönbuchBöblingen
9%
EichbaumMannheim
7%
FarnyKisslegg im Allgäu
7%
LadenburgerNeuler
7%
LasserLörrach
7%
LeibingerRavensburg
7%
MoningerKarlsruhe
7%
Aalener LöwenbräuAalen
5%
Adler BräuWiernsheim
5%
BauhöferUlm Ortenau Baden
5%
EngelCrailsheim
5%
RuppanerKonstanz
5%
Adler BrauereiGöggingen
4%
Adlerbrauerei GötzGeislingen Steige
4%
BlankZwiefaltendorf
4%
Brauhaus PforzheimPforzheim
4%
HäberlenGaildorf
4%
HärtsfelderDunstelkingen
4%
HerbsthäuserBad Mergentheim
4%
Hirschbrauerei HeubachHeubach
4%
Königsbräu MajerHeidenheim
4%
Lammbrauerei UntergröningenUntergröningen
4%
PalmbräuEppingen
4%
PerlenbacherNeckarsulm (Lidl)
4%
SchlüsselGiengen
4%
Sophie‘s BrauhausStuttgart
4%
Albquell BräuhausTrochtelfingen
2%
Amadeus HausbräuBaden-Baden
2%
AndreasbräuEggenstein Leopoldshafen
2%
Badisch BrauhausKarlsruhe
2%
Brauereigasthof AdlerHundersingen
2%
Bräuhaus UmmendorfUmmendorf
2%
Brauhaus ZollernalbAlbstadt-Ebingen
2%
EgolfSchefflenz
2%
Franz RastattRastatt
2%
Häffner BräuBad Rappenau
2%
HärleLeutkirch im Allgäu
2%
HeidelbergerHeidelberg
2%
Hirschbrauerei SöhnstettenSöhnstetten
2%
Hoepfner BräuKarlsruhe
2%
Hofgut DomäneHechingen
2%
HopfenschlingelRastatt
2%
Kronenbrauerei LaupheimLaupheim
2%
Lammbrauerei HilsenbeckGruibingen
2%
Lehner BrauereiRosenfeld
2%
Löwenbrauerei ElzachElzach
2%
Mall-BräuMeckesheim
2%
Martinsbräu FreiburgFreiburg
2%
Max und MoritzKressbronn/Berg
2%
Michaeli BräuSulzfeld
2%
MichelbräuKarlsbad
2%
Neckarsulmer BrauhausNeckarsulm
2%
Ochsenbräu ErgenzingenRottenburg-Ergenzingen
2%
Pflugbrauerei HörvelsingenLangenau-Hörvelsingen
2%
PolsterbräuHerrenberg
2%
Privatbrauerei Anton RiegArgenbühl/Eisenharz
2%
Privatbrauerei RoggLenzkirch
2%
RommelmühleBietigheim-Bissingen
2%
Rössle BräuEhingen
2%
SalzscheuerMarbach
2%
Schlachthof BräuNürtingen
2%
Schlossbrauerei StöckleKippenheim-Schmieheim
2%
Schnitzer BräuOffenburg
2%
Schwanen BräuBernhausen
2%
Schwetzinger BrauhausSchwetzingen
2%
Speidels BrauManufakturHohenstein-Ödenwaldstetten
2%
StolzIsny Allgäu
2%
SudhausLudwigsburg
2%
Sudhaus WürthSchwäbisch Hall
2%
Turm BräuFreudenstadt
2%
VogelbräuEttlingen
2%
WalderbräuKönigseggwald
2%
Welde BrauhausPlankstadt
2%
Wichtel FeuerbacherStuttgart
2%
WoinemerWeinheim
2%
WolfKarlsruhe
2%
Brauereigesellschaft ReitterLörrach
0%
Brauerei SchöreTettnang
0%
Brauerei zum SchwanenEhingen
0%
Brauerei zum StadtparkHockenheim
0%
Brauhaus Joh. AlbrechtKonstanz
0%
Brauhaus JupiterSinsheim-Steinsfurt
0%
Brauhaus Kühler KrugKarlsruhe
0%
Brauhaus LammLeutenbach
0%
Brauhaus SacherLeonberg
0%
Brauhaus VetterHeidelberg
0%
Brauhaus WallhallBruchsal
0%
Bräunlinger LöwenbrauereiBräunlingen
0%
Brauzentrum BlaubeurenBlaubeuren
0%
Calwer BrauhausStuttgart
0%
ChristophbräuGaggenau
0%
Dachsenfranz BrauereiZuzenhausen
0%
DörzbacherAhorn Schillingstadt
0%
Drei KannenUlm
0%
Fischers BrauhausMössingen
0%
Franken Bräu RiedbachSchrozberg
0%
Gasthausbrauerei NeckarmüllerTübingen
0%
Grünbaum-Brauerei AalenAalen
0%
Hatz-MonigerKarlsruhe
0%
Hausbrauerei Alter BahnhofMalsch
0%
Hausbrauerei MönchwasenSimmozheim
0%
Hausbräu Mülhaupt BrombachLörrach- Brombach
0%
Hirschbrauerei HonerWurmlingen
0%
Hirschbrauerei SchillingRömerstein
0%
Hirsch FlözlingenZimmern
0%
KellerbergAalen
0%
Kesselhaus SchorndorfSchorndorf
0%
Kronenbrauerei HalterHeilbronn Biberach
0%
Kronenbrauerei OffenburgOffenburg
0%
Kronenbrauerei RussSöflingen
0%
Kulturbrauerei HeidelbergHeidelberg
0%
Lammbrauerei WeilheimRietheim Weilheim
0%
MellertSteinach
0%
Privatbrauerei Wilhelm KettererPforzheim
0%

Verteilung der Resultate

Perzentil nach korrekt beantworteten Fragen

Anzahl Personen mit jedem Resultat

Ihre Resultats-Entwicklung

Sie haben dieses Quiz noch nicht gespielt